[Event "Chinese Championship"]
[Site "Xinghua CHN"]
[Date "2015.05.28"]
[EventDate "2015.05.18"]
[Round "10.6"]
[Result "1/2-1/2"]
[White "Zhao Jun"]
[Black "Lu Shanglei"]
[WhiteElo "2613"]
[BlackElo "2606"]
[PlyCount "92"]

1. e4 c5 2. Nf3 d6 3. d4 cxd4 4. Nxd4 Nf6 5. Nc3 a6 6. Be2 g6
7. Be3 Bg7 8. Qd2 Nc6 9. f3 O-O 10. O-O-O Be6 11. Kb1 Nxd4
12. Bxd4 b5 13. h4 b4 14. Nd5 Bxd5 15. exd5 Qa5 16. Bc4 Rfc8
17. Qe2 Nh5 18. Rhe1 Ng3 19. Qd3 Bxd4 20. Qxd4 Qc5 21. b3 Qxd4
22. Rxd4 Ra7 23. Kb2 a5 24. Ra1 Rac7 25. Kc1 Kg7 26. Kd2 Nf5
27. Rf4 e5 28. dxe6 fxe6 29. Bd3 e5 30. Re4 Ng3 31. Rg4 Nh5
32. Rc4 Rxc4 33. Bxc4 d5 34. Bd3 Nf4 35. Bf1 d4 36. a3 bxa3
37. Rxa3 Rc5 38. Ra1 Kf6 39. Re1 h6 40. Re4 Nd5 41. Bd3 Rc3
42. g3 g5 43. hxg5+ hxg5 44. Re1 Nb4 45. Ra1 Nxd3 46. cxd3 Rc5
1/2-1/2

[Event "Chinese Championship"]
[Site "Xinghua CHN"]
[Date "2015.05.29"]
[EventDate "2015.05.18"]
[Round "11.4"]
[Result "0-1"]
[White "Liu Qingnan"]
[Black "Lin Chen"]
[WhiteElo "2523"]
[BlackElo "2460"]
[PlyCount "58"]

1. e4 c5 2. Nf3 d6 3. d4 cxd4 4. Nxd4 Nf6 5. Nc3 e6 6. Be3 Be7
7. f4 Nc6 8. Qf3 e5 9. Nxc6 bxc6 10. f5 O-O 11. O-O-O Qa5
12. Bc4 Rb8 13. Bb3 d5 14. exd5 Rxb3 15. axb3 cxd5 16. Nxd5
Nxd5 17. Qxd5 Qa1+ 18. Kd2 Qxb2 19. Qe4 Ba6 20. Ke1 Rc8
21. Kf2 Rxc2+ 22. Kg3 g6 23. f6 Bxf6 24. Rd6 Rxg2+ 25. Qxg2
Bh4+ 26. Kh3 Bc8+ 27. Qg4 Bxg4+ 28. Kxh4 Qg2 29. Bh6 f6 0-1

[Event "Chinese Championship"]
[Site "Xinghua CHN"]
[Date "2015.05.29"]
[EventDate "2015.05.18"]
[Round "11.5"]
[Result "1/2-1/2"]
[White "Wen Yang"]
[Black "Zhou Jianchao"]
[WhiteElo "2583"]
[BlackElo "2589"]
[PlyCount "79"]

1. d4 d5 2. c4 c6 3. cxd5 cxd5 4. Nc3 Nc6 5. Nf3 Nf6 6. Bf4
Bf5 7. e3 e6 8. Bd3 Bxd3 9. Qxd3 Bd6 10. Bxd6 Qxd6 11. O-O O-O
12. Rfc1 Rfc8 13. a3 a6 14. Na4 Nd7 15. Nc5 Nxc5 16. Rxc5 Ne7
17. Rac1 Rxc5 18. Rxc5 Rc8 19. Rxc8+ Nxc8 20. Qc3 Ne7 21. Nd2
Qc6 22. Qxc6 Nxc6 23. Kf1 Kf8 24. Ke2 Ke7 25. Kd3 Kd6 26. f4
f5 27. b4 b6 28. Nf3 Ke7 29. Ne5 Nxe5+ 30. dxe5 Kd7 31. a4 a5
32. b5 Ke7 33. h3 h5 34. h4 g6 35. g3 Kd7 36. Kd4 Kc7 37. Kd3
Kd7 38. Kd4 Kc7 39. Kd3 Kd7 40. Kd4 1/2-1/2